<?xml version="1.0" encoding="UTF-8"?>
<record
    xmlns:xsi="http://www.w3.org/2001/XMLSchema-instance"
    xsi:schemaLocation="http://www.loc.gov/MARC21/slim http://www.loc.gov/standards/marcxml/schema/MARC21slim.xsd"
    xmlns="http://www.loc.gov/MARC21/slim">

  <leader>00905ncm a22002415a 4500</leader>
  <controlfield tag="001">C00011469c</controlfield>
  <controlfield tag="005">20241029143126.0</controlfield>
  <controlfield tag="008">950810s1891    ddrmtb         n 1  ger d</controlfield>
  <datafield tag="080" ind1=" " ind2=" ">
    <subfield code="a">785.1.083.3</subfield>
  </datafield>
  <datafield tag="100" ind1="1" ind2=" ">
    <subfield code="a">Rimsky-Korsakov, Nikolay Andreyevich (</subfield>
    <subfield code="d">1844-1908)</subfield>
    <subfield code="9">7164</subfield>
  </datafield>
  <datafield tag="245" ind1="1" ind2="0">
    <subfield code="a">Capriccio espagnol f&#xFC;r grosses Orchester, op. 34 / </subfield>
    <subfield code="c">von N. Rimsky Korsakow.</subfield>
  </datafield>
  <datafield tag="254" ind1=" " ind2=" ">
    <subfield code="a">[Kleine Partitur].</subfield>
  </datafield>
  <datafield tag="260" ind1=" " ind2=" ">
    <subfield code="a">Leipzig : </subfield>
    <subfield code="b">Ernst Eulenburg, </subfield>
    <subfield code="c">[d. 1891]</subfield>
  </datafield>
  <datafield tag="300" ind1=" " ind2=" ">
    <subfield code="a">Partitura (93 p.) ; </subfield>
    <subfield code="c">19 cm + </subfield>
    <subfield code="e">Folleto cat&#xE1;logo de librer&#xED;a editorial.</subfield>
  </datafield>
  <datafield tag="490" ind1="0" ind2=" ">
    <subfield code="a">Eulenburg&#xB4;s kleine Partitur Ausgabe ; </subfield>
    <subfield code="v">842</subfield>
  </datafield>
  <datafield tag="500" ind1=" " ind2=" ">
    <subfield code="a">N. pl. : 3220.</subfield>
  </datafield>
  <datafield tag="500" ind1=" " ind2=" ">
    <subfield code="a">Fecha de publicaci&#xF3;n tomada de "The new Grove dictionary of music and musicians", vol. 6, Stanley Sadie 1980.</subfield>
  </datafield>
  <datafield tag="500" ind1=" " ind2=" ">
    <subfield code="a">Legado P&#xE9;rez Casas.</subfield>
  </datafield>
  <datafield tag="650" ind1="1" ind2="4">
    <subfield code="a">M&#xFA;sica para Orquesta.</subfield>
    <subfield code="9">8247</subfield>
  </datafield>
  <datafield tag="852" ind1="4" ind2=" ">
    <subfield code="j">M-2382</subfield>
  </datafield>
  <datafield tag="952" ind1=" " ind2=" ">
    <subfield code="0">0</subfield>
    <subfield code="1">0</subfield>
    <subfield code="4">0</subfield>
    <subfield code="7">0</subfield>
    <subfield code="8">MUSICA</subfield>
    <subfield code="a">RABASF</subfield>
    <subfield code="b">RABASF</subfield>
    <subfield code="c">DP1</subfield>
    <subfield code="d">1995-08-11</subfield>
    <subfield code="e">D</subfield>
    <subfield code="l">0</subfield>
    <subfield code="o">M-2382</subfield>
    <subfield code="p">1012459</subfield>
    <subfield code="r">2024-10-15 09:09:37</subfield>
    <subfield code="w">2024-10-15</subfield>
    <subfield code="y">PARTA</subfield>
  </datafield>
  <datafield tag="999" ind1=" " ind2=" ">
    <subfield code="c">11261</subfield>
    <subfield code="d">11261</subfield>
  </datafield>
</record>
